[Event "29th Czech Open-Rapid 2018"]
[Site "Pardubice"]
[Date "2018.07.18"]
[Round "1"]
[White "Gutman, Gennadi"]
[Black "Hajek, Jiri"]
[Result "1-0"]
[WhiteElo "2476"]
[BlackElo "2081"]
[Annotator "TA"]
[PlyCount "161"]
[EventDate "2018.07.18"]
[EventType "swiss"]
[EventCountry "CZE"]
[SourceTitle "playchess.com"]
[Source "ChessBase"]
[SourceQuality "1"]

{[%evp 27,161,66,65,62,82,65,67,0,0,0,75,36,25,35,37,0,28,0,0,0,0,8,0,-7,-14,-2,-17,-25,39,34,85,46,48,20,38,43,42,29,44,28,339,308,400,412,411,294,275,208,329,18,125,119,136,122,115,0,0,0,0,0,0,0,0,0,0,0,31,0,12,0,0,0,164,160,29972,29972,5385,5393,29986,1845,1045,1000,29972,29973,29973,29971,29971,29972,29972,29973,29972,29974,29974,29975,29974,0,29974,29974,29974,29972,29965,0,29971,29971,29972,29973,29972,29971,29974,29971,29971,29971,29960,2106,29963,29951,29972,29971,29984,29985,29984,29982,29982,29983,29987,29985,29986,29985,29987,29988,29988,29989,29990,29991,29991,29992]} 1. Nf3 Nf6 2. d4 g6 3. c4 Bg7 4. Nc3 O-O 5. e4 d6 6. Be2 Bg4 7. Be3 Nfd7 8. Ng1 Bxe2 9. Ngxe2 Nc6 10. O-O e5 11. d5 Ne7 12. b4 f5 {[%cal Bf7f5,Bf5f4][%mdl 32] E91: King's Indian: Classical: 6 Be2, unusual replies including 6...c5 and 6...Bg4} 13. f3 f4 14. Bf2 g5 {LiveBook: 3 Games. White is slightly better.} 15. Nc1 $146 ({Predecessor:} 15. c5 Nf6 16. Rc1 a6 17. Na4 g4 18. cxd6 cxd6 19. Nb6 Rb8 20. Qc2 {1-0 (49) Santiago,Y (2427)-Pichot,A (2550) Buenos Aires 2016}) 15... Rf7 16. Nd3 Nf6 17. g4 ({White should try} 17. c5 $14) 17... fxg3 $11 18. hxg3 g4 (18... Qd7 $11 {remains equal.}) 19. Be3 (19. fxg4 $6 Bh6 $11) 19... gxf3 20. Rxf3 Qd7 21. Qe2 Raf8 22. Raf1 Qg4 23. Qg2 a6 24. Nf2 Qg6 25. Qh3 Nh5 26. Rxf7 Rxf7 27. Ng4 Nf6 (27... Nf4 $1 $11 28. gxf4 exf4) 28. Nxf6+ $14 Rxf6 (28... Bxf6 $14 29. Rf5 Rg7) 29. Rxf6 Bxf6 30. Qe6+ Kf8 31. Kg2 h5 32. c5 h4 33. g4 {And now g5 would win.} h3+ $2 {[%mdl 8192]} (33... Kg7 $1 $11) 34. Kxh3 $18 Qh7+ 35. Kg2 Qh4 36. cxd6 (36. Bf2 Qg5 $18) 36... cxd6 37. Nd1 {Black must now prevent Nf2.} ({Much less strong is} 37. Bf2 $6 Qg5 $18) 37... Kg7 (37... Bg5 {was worth a try.}) 38. Bf2 $2 (38. Nf2 $18) 38... Qh7 (38... Qh6 $11 {keeps the balance.}) 39. Nc3 $16 Ng6 {Threatens to win with ...Nf4+.} 40. Qd7+ (40. Qxd6 Nf4+ 41. Kg1 Qh3 $17) 40... Be7 {[#]} 41. g5 ({Not} 41. Qxb7 Nf4+ 42. Kg1 Kf7 $19) ({White should play} 41. Be3 $1 $16) 41... Nf4+ $11 42. Kg1 Kf7 43. Bg3 Nh3+ 44. Kg2 Nxg5 45. Qg4 Qg6 46. Bh4 Qh6 47. b5 Nh7 48. Bxe7 Kxe7 49. bxa6 Qd2+ $2 (49... bxa6 $11 {and Black has nothing to worry.} 50. Nd1 Qd2+ 51. Nf2 Ng5) 50. Ne2 $18 Nf6 $2 (50... Kf7 $16) 51. Qe6+ Kd8 52. Qxf6+ Kc7 53. Qf2 (53. Qe7+ $142 Kc8 54. Qxb7+ Kd8 55. Kf2 Qh6 56. a7 Qh4+ 57. Ke3 Qh6+ 58. Kd3) 53... bxa6 54. Ng3 Qg5 55. Qa7+ Kd8 56. Qb8+ Kd7 57. Qb7+ Kd8 58. Qxa6 Qd2+ 59. Qe2 Qd4 60. Nf5 Qb4 61. Ng3 $2 (61. Qe3 Kc8 62. Qc1+ Kb8 63. Kf3 Qc5 64. Qh6 Kc7 65. Qf6 Kb6 66. Nxd6) 61... Qb1 $2 {[%mdl 8192]} (61... Qd4 $11 62. Nf5 Qb4) 62. Kh3 Qc1 63. Qg4 Kc7 64. Qe2 $2 (64. Qe6 {mates} Qa3 65. Qe7+ Kb6 66. Kg4 Qb4 {[#]} 67. a3 $1 {[%mdl 512]} Qc5 68. Nf5 Qg1+ 69. Kh5) 64... Qh6+ $2 {[%mdl 8192]} (64... Kd8 $11 65. Nf5 Qg5) 65. Kg2 Qc1 66. a4 Qc5 67. Qd2 Qa3 68. a5 Kb7 69. Kh3 Ka6 70. Kg4 (70. Kh4 $142 Qf3 71. Qh6 Kxa5 72. Qxd6 Qf4+ 73. Kh3 Qg5 74. Qc5+ Ka6 75. Qb4) 70... Qa4 71. Qc3 {White mates.} Qd1+ 72. Kh3 Qd4 73. Qxd4 exd4 {[%mdl 4096] Endgame KN-KPP} 74. Kg2 Kxa5 75. Kf3 Kb4 76. Ke2 Kc3 77. Kd1 Kd3 {[#]} 78. e5 $1 dxe5 79. d6 e4 80. d7 e3 81. d8=Q {Precision: White = 44%, Black = 34%.} 1-0

[Event "29th Czech Open-Rapid 2018"]
[Site "Pardubice"]
[Date "2018.07.18"]
[Round "1"]
[White "Gasanov, Eldar"]
[Black "Tarakanov, Oleg"]
[Result "1-0"]
[WhiteElo "2475"]
[BlackElo "2123"]
[Annotator "RC"]
[PlyCount "41"]
[EventDate "2018.07.18"]
[EventType "swiss"]
[EventCountry "CZE"]
[SourceTitle "playchess.com"]
[Source "ChessBase"]
[SourceQuality "1"]
[TimeControl "900+10"]

1. e4 {[%emt 0:00:00]} e5 {[%emt 0:00:00]} 2. Nc3 {[%emt 0:00:07]} Nc6 {[%emt 0:00:18]} 3. g3 {[%emt 0:00:06]} d6 {[%emt 0:00:56]} 4. Bg2 {[%emt 0:00:07]} Be7 {[%emt 0:00:46]} 5. Nge2 {[%emt 0:00:16]} Bg4 {[%emt 0:00:23]} 6. h3 {[%emt 0:00:14]} Bh5 {[%emt 0:00:05]} 7. O-O {[%emt 0:01:08]} Nf6 {[%emt 0:00:26]} 8. g4 {[%emt 0:00:33]} Bg6 {[%emt 0:00:05]} 9. f4 {[%emt 0:00:16]} exf4 {[%emt 0:01:01]} 10. Nxf4 {[%emt 0:00:14]} O-O {[%emt 0:01:17]} 11. d4 {[%emt 0:01:01]} Qd7 {[%emt 0:00:18]} 12. g5 {[%emt 0:00:47]} Ne8 {[%emt 0:00:22]} 13. h4 {[%emt 0:00:01]} h6 {[%emt 0:02:44]} 14. Bh3 {[%emt 0:01:24]} Qd8 {[%emt 0:00:07]} 15. h5 {[%emt 0:00:51]} hxg5 {[%emt 0:01:10]} 16. Nxg6 {[%emt 0:00:54]} fxg6 {[%emt 0:00:07]} 17. Be6+ {[%emt 0:01:05]} Kh7 {[%emt 0:00:19]} 18. Rxf8 {[%emt 0:00:54]} Bxf8 {[%emt 0:00:02]} 19. Bf7 {[%emt 0:00:42]} Qf6 {[%emt 0:02:39]} 20. hxg6+ {[%emt 0:00:18]} Kh6 {[%emt 0:00:04]} 21. Kg2 {[%emt 0:00:55]} 1-0

[Event "29th Czech Open-Rapid 2018"]
[Site "Pardubice"]
[Date "2018.07.18"]
[Round "1"]
[White "Rasik, Vitezslav"]
[Black "Vykydal, Frantisek"]
[Result "1-0"]
[WhiteElo "2458"]
[BlackElo "2089"]
[Annotator "TA"]
[PlyCount "57"]
[EventDate "2018.07.18"]
[EventType "swiss"]
[EventCountry "CZE"]
[SourceTitle "playchess.com"]
[Source "ChessBase"]
[SourceQuality "1"]

{[%evp 16,57,23,14,22,11,51,51,148,162,172,172,182,189,212,227,218,192,256,271,266,254,262,256,249,212,251,248,250,245,244,244,244,127,128,122,153,126,180,177,188,182,766,761]} 1. g3 e5 2. Bg2 Nc6 3. d3 Nf6 4. Nf3 Be7 5. O-O O-O 6. e4 {A00: Irregular Openings} d5 7. exd5 Nxd5 8. Re1 Bf6 (8... Bg4 9. h3 Bh5 10. g4 Bg6 11. Nxe5 Nxe5 12. Rxe5 c6 13. Re1 f5 14. Nc3 Nxc3 15. bxc3 {0-1 (48) Fedorov,A (2598)-Sivuk,V (2520) Lvov 2017}) 9. Nbd2 {LiveBook: 8 Games} Bf5 10. Ne4 Bxe4 $146 ({Predecessor:} 10... Bg4 11. h3 Bxf3 12. Qxf3 Nd4 13. Nxf6+ Nxf6 14. Qd1 Nc6 15. Bxc6 bxc6 16. Rxe5 {1-0 (28) Visintin,R (2024)-Mikuz,S Nova Gorica 2011}) 11. Rxe4 Nd4 (11... Re8 $14) 12. Nxe5 $16 c5 13. c3 Ne6 14. Ng4 Ndc7 15. Re1 Rb8 16. f4 {[%cal Bf2f4,Bf4f5][%mdl 32]} Re8 (16... Nd5 $142 17. Qa4 b5 18. Qxa7 Re8) 17. f5 $18 Nf8 18. Rxe8 Nxe8 19. Bf4 Nd6 20. Qd2 h5 21. Nxf6+ Qxf6 22. Re1 Re8 23. Rxe8 Nxe8 24. Bxb7 (24. Qe2 $18 Nd6 25. Qxh5) 24... Qxf5 $16 25. Be4 $36 {[%mdl 2048] Black is under strong pressure.} Qe6 26. b3 Nd6 (26... Nf6 $16) 27. Bf3 $18 h4 28. Qe3 {[#] Strongly threatening Qxe6.} hxg3 $2 (28... Nb5 29. Qxe6 (29. Qxc5 Qe1+ 30. Kg2 Nxc3 $16) 29... Nxe6) 29. Qxe6 {Precision: White = 51%, Black = 24%.} 1-0

[Event "29th Czech Open-Rapid 2018"]
[Site "Pardubice"]
[Date "2018.07.18"]
[Round "1"]
[White "Zwardon, Vojtech"]
[Black "Kyrychenko, Maryan"]
[Result "1-0"]
[WhiteElo "2424"]
[BlackElo "2152"]
[Annotator "TA"]
[PlyCount "65"]
[EventDate "2018.07.18"]
[EventType "swiss"]
[EventCountry "CZE"]
[SourceTitle "playchess.com"]
[Source "ChessBase"]
[SourceQuality "1"]

{[%evp 13,65,24,53,41,99,97,99,10,79,68,68,38,46,-20,142,139,165,152,195,212,404,402,425,424,400,327,339,338,387,385,400,397,391,403,402,394,393,370,416,375,394,375,395,395,476,467,586,579,569,578,757,745,799,793]} 1. c4 e5 2. g3 Nf6 3. Bg2 c5 4. Nc3 Nc6 5. a3 d6 6. d3 {A36: Symmetrical English vs ...g6: 4 Bg2 Bg7} h6 (6... Be7 7. Nf3 O-O 8. O-O h6 9. Rb1 Be6 10. b4 Qd7 11. Re1 b6 12. e3 e4 13. dxe4 Bxc4 14. bxc5 bxc5 15. e5 Ng4 16. Qa4 Ncxe5 17. Nxe5 Qxa4 18. Nxa4 Nxe5 19. Bxa8 Rxa8 {0-1 (50) Barbosa,O (2518)-Li,C (2720) chess.com INT 2017}) 7. Nf3 Be6 {LiveBook: 3 Games} 8. b4 {White is slightly better.} e4 $146 (8... Qd7 $14) ({Predecessor:} 8... cxb4 9. axb4 Nxb4 10. Qa4+ Nc6 11. Rb1 Rb8 12. c5 Bd7 13. cxd6 Bxd6 14. Nb5 Be7 15. Nxa7 Nd4 16. Qa2 Be6 17. Qa4+ Bd7 18. Qa2 Be6 19. Qa4+ Bd7 {½-½ (19) Donchenko,A (2575)-Maisuradze,N (2302) Nancy 2016}) 9. dxe4 $16 Bxc4 10. b5 ({White should play} 10. Qa4 $16) 10... Ne5 (10... Bxb5 $11 11. Nxb5 Qa5+ 12. Bd2 Qxb5) 11. Qa4 Be6 $1 12. Bf4 Nfd7 13. Rd1 ({White should try} 13. O-O $14) 13... Qf6 $2 (13... Nc4 $11 14. Bc1 a6) 14. Bxe5 $1 dxe5 {[#]} 15. b6 $1 $36 {[%mdl 2560] Nb5 is the strong threat. White is really pushing.} Be7 (15... axb6 16. Qxa8+) 16. bxa7 b5 $2 (16... Bd8 17. O-O (17. Nd5 Bxd5 18. Rxd5 Qc6 $16) 17... Bb6) 17. Nxb5 $18 O-O 18. Nc7 $1 {[%csl LRa8,LRd7]} Nb6 19. Qc6 Bb3 20. Qxf6 gxf6 21. Nxa8 Rxa8 22. Rb1 c4 23. Nd2 Rxa7 24. Nxb3 cxb3 25. Rxb3 Nc4 26. O-O Rxa3 27. Rb8+ Kg7 28. Rc1 Ra4 29. Bh3 {White is clearly winning.} Nd6 30. Rc7 Bf8 31. Rd7 Nxe4 32. Rdd8 Ng5 33. Bf5 {Precision: White = 62%, Black = 21%.} 1-0

[Event "29th Czech Open-Rapid 2018"]
[Site "Pardubice"]
[Date "2018.07.18"]
[Round "1"]
[White "Matviishen, Viktor"]
[Black "Maslak, Alexander"]
[Result "*"]
[WhiteElo "2423"]
[BlackElo "2154"]
[Annotator "TA"]
[PlyCount "69"]
[EventDate "2018.07.18"]
[EventType "swiss"]
[EventCountry "CZE"]
[SourceTitle "playchess.com"]
[Source "ChessBase"]
[SourceQuality "1"]

{[%evp 21,69,54,72,-11,-2,0,-1,0,0,-6,-20,-20,-16,-18,-50,-69,27,31,46,40,174,159,162,137,150,127,118,69,63,54,60,59,65,61,57,69,63,48,43,47,95,59,67,68,198,96,88,0,189,164]} 1. d4 Nf6 2. c4 g6 3. Nc3 Bg7 4. e4 d6 5. Bd3 O-O 6. Nge2 e5 7. d5 c6 8. O-O cxd5 9. cxd5 a6 10. f3 Nbd7 11. Be3 Nh5 {LiveBook: 10 Games} 12. b4 {E88: King's Indian: Sämisch: 6...e5 7 d5 c6} ({White should try} 12. Qd2 $16) (12. Kh1 Nc5 13. Bc2 f5 14. b4 Nd7 15. exf5 gxf5 16. Bxf5 Rxf5 17. g4 Rf8 18. gxh5 Qh4 19. Ng3 Nf6 {1-0 (64) Lautier,J (2680)-Relange,E (2505) playchess.com INT 2004}) 12... Nf4 $1 $11 13. Qd2 Nxd3 14. Qxd3 {The position is equal.} f5 15. exf5 $146 ({Predecessor:} 15. b5 Nf6 16. Rfc1 fxe4 17. Nxe4 Nxe4 18. fxe4 axb5 19. Qxb5 {0-1 (47) Koelbl,I (1808)-Kjurkchiiski,G (2241) Sunny Beach 2011}) 15... gxf5 16. f4 Nf6 17. fxe5 dxe5 18. Rad1 Ng4 ({Black should play} 18... a5 $15 19. bxa5 Qxa5) 19. Bc5 $1 {[%cal Rc5f8]} Rf7 $1 20. h3 e4 ({Better is} 20... Nh6 $14) 21. Qg3 $18 Ne5 22. Nf4 Ng6 23. Nxg6 hxg6 24. Qxg6 Qf6 25. Qxf6 Bxf6 26. Na4 {And now Nb6 would win.} Bd8 27. Nb6 Bxb6 $1 28. Bxb6 Bd7 29. Rf4 Rc8 30. Bc5 $36 {[%mdl 2048] White fights for an advantage.} Kh7 31. Re1 {Threatens to win with Rexe4!} Kg6 32. Re3 Rf6 (32... Rh7 $14) 33. Be7 (33. Rh4 $18 {and White stays clearly on top. Intending Rg3+ and mate.} f4 34. Rxe4) 33... Rb6 $16 34. Bc5 (34. Kh2 $16) 34... Rf6 $18 35. Bd4 {Precision: White = 48%, Black = 52%.} *

[Event "29th Czech Open-Rapid 2018"]
[Site "Pardubice"]
[Date "2018.07.18"]
[Round "1"]
[White "Sadhwani, Raunak"]
[Black "Fiala, Milan"]
[Result "1-0"]
[WhiteElo "2409"]
[BlackElo "1845"]
[Annotator "NA"]
[PlyCount "77"]
[EventDate "2018.07.18"]
[EventType "swiss"]
[EventCountry "CZE"]
[SourceTitle "playchess.com"]
[Source "ChessBase"]
[SourceQuality "1"]
[TimeControl "900+10"]

1. b3 {[%emt 0:00:00]} e5 {[%emt 0:00:00]} 2. Bb2 {[%emt 0:00:00]} Nc6 {[%emt 0:00:00]} 3. e3 {[%emt 0:00:00]} Nf6 {[%emt 0:00:09]} 4. Bb5 {[%emt 0:00:00]} d6 {[%emt 0:00:18]} 5. d4 {[%emt 0:00:19]} Bd7 {[%emt 0:01:10]} 6. Nf3 {[%emt 0:00:02]} e4 {[%emt 0:00:15]} 7. Nfd2 {[%emt 0:00:04]} d5 {[%emt 0:00:18]} 8. Bxc6 {[%emt 0:00:05]} bxc6 {[%emt 0:00:16]} 9. c4 {[%emt 0:00:01]} Bb4 {[%emt 0:00:48]} 10. a3 {[%emt 0:00:11]} Bxd2+ {[%emt 0:00:19]} 11. Nxd2 {[%emt 0:00:02]} O-O {[%emt 0:00:09]} 12. Qc2 {[%emt 0:00:02]} Re8 {[%emt 0:01:14]} 13. h3 {[%emt 0:00:06]} Rb8 {[%emt 0:00:35]} 14. Rc1 {[%emt 0:00:43]} Rb7 {[%emt 0:01:25]} 15. b4 {[%emt 0:00:12]} Qb8 {[%emt 0:01:02]} 16. Nb3 {[%emt 0:00:09]} Be6 {[%emt 0:01:07]} 17. Na5 {[%emt 0:00:46]} Rb6 {[%emt 0:02:19]} 18. c5 {[%emt 0:00:02]} Ra6 {[%emt 0:00:45]} 19. Bc3 {[%emt 0:00:10]} Bc8 {[%emt 0:02:15]} 20. O-O {[%emt 0:00:12]} Rxa5 {[%emt 0:00:11]} 21. bxa5 {[%emt 0:00:01]} Ba6 {[%emt 0:00:02]} 22. Rfe1 {[%emt 0:00:23]} Bd3 {[%emt 0:00:03]} 23. Qd2 {[%emt 0:00:03]} Nh5 {[%emt 0:00:59]} 24. f4 {[%emt 0:00:11]} Ng3 {[%emt 0:00:11]} 25. Qf2 {[%emt 0:00:10]} Nf5 {[%emt 0:00:20]} 26. g4 {[%emt 0:00:01]} Ne7 {[%emt 0:00:20]} 27. Kh2 {[%emt 0:00:01]} f5 {[%emt 0:00:17]} 28. Rg1 {[%emt 0:00:03]} Qc8 {[%emt 0:00:09]} 29. Rg3 {[%emt 0:00:21]} g6 {[%emt 0:00:05]} 30. Rcg1 {[%emt 0:00:02]} Kh8 {[%emt 0:00:11]} 31. R3g2 {[%emt 0:00:05]} fxg4 {[%emt 0:00:26]} 32. hxg4 {[%emt 0:00:02]} Rf8 {[%emt 0:00:08]} 33. Qh4 {[%emt 0:00:31]} Qe6 {[%emt 0:01:16]} 34. Be1 {[%emt 0:00:09]} Rb8 {[%emt 0:00:29]} 35. Bg3 {[%emt 0:00:04]} Rb3 {[%emt 0:00:06]} 36. f5 {[%emt 0:00:04]} Qf7 {[%emt 0:00:21]} 37. Be5+ {[%emt 0:00:02]} Kg8 {[%emt 0:00:03]} 38. Rf2 {[%emt 0:00:02]} Qe8 {[%emt 0:00:34]} 39. f6 {[%emt 0:00:01]} 1-0

[Event "29th Czech Open-Rapid 2018"]
[Site "Pardubice"]
[Date "2018.07.18"]
[Round "1"]
[White "Potapov, Alexander"]
[Black "Chrz, Pavel"]
[Result "1/2-1/2"]
[WhiteElo "2404"]
[BlackElo "2032"]
[Annotator "TA"]
[PlyCount "147"]
[EventDate "2018.07.18"]
[EventType "swiss"]
[EventCountry "CZE"]
[SourceTitle "playchess.com"]
[Source "ChessBase"]
[SourceQuality "1"]

{[%evp 10,146,38,46,88,32,196,98,229,219,218,192,175,153,150,147,152,153,149,149,148,143,147,157,170,146,147,153,163,161,191,191,177,168,203,211,191,162,243,223,324,238,273,272,360,380,375,365,373,349,385,370,512,503,470,462,595,596,577,595,520,594,662,533,720,586,563,558,638,389,305,0,650,641,717,712,794,776,725,720,897,873,743,700,1374,1179,1389,1423,1576,1508,2402,1836,1904,0,0,0,0,0,0,0,0,0,0,0,0,0,0,0,0,0,0,0,0,0,0,0,0,0,0,0,0,0,0,0,0,0,0,0,0,0,0,0,0,0,0,0,0,0,0]} 1. d4 d6 2. c4 e5 3. Nf3 exd4 4. Nxd4 Nf6 5. Nc3 Nc6 6. g3 {LiveBook: 15 Games} Bg4 {A54: Old Indian Defence with Nf3, but without e4} 7. h3 $146 (7. Nxc6 $16 bxc6 8. Bg2) ({Predecessor:} 7. Nxc6 bxc6 8. Bg2 d5 9. O-O Ne4 10. Nxe4 dxe4 11. Qa4 Qd7 12. Bxe4 Qe6 13. Bxc6+ Ke7 14. Bxa8 f5 15. Bg5+ Kf7 16. Bd5 Qxd5 17. cxd5 Bh3 18. Qd7+ Kg6 19. Bf4 Bc5 20. Qe6+ {1-0 (20) Hayakawa,S (2377)-Kizima,S (1802) ICCF email 2008}) 7... Bh5 $2 {[#]} (7... Bd7 $14) 8. Bg2 (8. Nxc6 $1 $18 bxc6 9. Bg2) 8... Qd7 (8... Nxd4 $16 {was necessary.} 9. Qxd4 c6) 9. Nxc6 $18 bxc6 10. Qa4 d5 11. cxd5 cxd5 12. Qxd7+ Kxd7 13. Nxd5 Nxd5 14. Bxd5 Bb4+ 15. Bd2 Bxd2+ 16. Kxd2 Rad8 {[#] Threatens to win with ...Ke7.} 17. Bc4 Kc6+ 18. Kc3 Rhe8 19. Rhd1 Rd6 20. Rxd6+ cxd6 {[%mdl 4096] Endgame KRB-KRB} 21. Kd4 Rb8 22. Rc1 Kd7 23. b3 {[%cal Bb2b3,Bb3b4][%mdl 32]} Rb4 (23... f6 {keeps fighting.} 24. f4 Be8) 24. a3 Rb6 (24... Rb8 $142 25. g4 Bg6) 25. b4 d5 26. Bd3 Rf6 27. Rc5 (27. Bxh7 Bxe2 28. f4 (28. Kxd5 Rxf2 29. Rc2 Bf3+ 30. Kd4 Rg2 $16) 28... g6 $16) (27. Kxd5 Rxf2 28. Bb5+ (28. Bxh7 Bxe2 29. Rc2 Bf3+ 30. Kd4 Rg2 $16) 28... Kd8 $18) 27... Bg6 28. Rxd5+ Kc7 29. Rc5+ Kb6 30. Bxg6 hxg6 {KR-KR} 31. f4 Rd6+ 32. Rd5 Rc6 33. a4 {[%cal Ba3a4,Ba4a5][%mdl 32]} Rc2 34. a5+ Ka6 35. e4 Rg2 36. g4 Rh2 37. Kc4 Rc2+ 38. Kb3 Re2 39. Rd6+ Kb5 40. Rd5+ $2 (40. Rd7 Re3+ 41. Kc2) 40... Ka6 $1 41. Re5 f6 42. Re7 Kb5 43. Rb7+ Ka6 44. Rxg7 Rxe4 45. Ka4 Rxf4 46. Rxg6 Kb7 47. Kb5 a6+ 48. Kc5 f5 49. Rg7+ Kb8 50. Rf7 Rf3 51. Kb6 $2 (51. g5 $18 Rg3 52. Kb6) 51... fxg4 $11 {The position is equal.} 52. Rb7+ Ka8 $1 {aiming for ...Rf6+.} 53. Ra7+ (53. Kxa6 $2 Rf6+ 54. Kb5 (54. Rb6 $2 Rxb6+ 55. Kxb6 gxh3 $19) 54... Kxb7 $19) 53... Kb8 54. Rb7+ ({Not} 54. Rxa6 $2 Rf6+ 55. Kc5 (55. Kb5 $2 Rxa6 56. hxg4 Rg6 $19) 55... Rxa6 $19) 54... Ka8 $1 {Hoping for ...Rf6+.} 55. Rg7 {Intending Rg8+ and mate.} ({Wrong is} 55. Kxa6 $2 Rf6+ 56. Kb5 (56. Rb6 $2 Rxb6+ 57. Kxb6 gxh3 $19) 56... Kxb7 $19) 55... Rf6+ 56. Kc5 gxh3 57. Rh7 Rf5+ 58. Kc4 Rf4+ 59. Kb3 Rf3+ 60. Kc4 Rf4+ 61. Kc5 Rf5+ 62. Kb6 Rb5+ 63. Kxa6 Rxb4 64. Rxh3 Rb8 65. Rh7 {[%csl Ga6][%cal Rh7a7]} Rb7 66. Rh8+ Rb8 67. Rh6 Rb7 68. Rb6 Rb8 69. Kb5 Rxb6+ 70. axb6 {Kc6 would kill now.} Kb7 71. Kc5 Kb8 72. Kc6 $2 {[%mdl 8192]} (72. b7 Kxb7) 72... Kc8 73. b7+ Kb8 74. Kb6 {Precision: White = 70%, Black = 44%.} 1/2-1/2

[Event "29th Czech Open-Rapid 2018"]
[Site "Pardubice"]
[Date "2018.07.18"]
[Round "1"]
[White "Lalic, Bogdan"]
[Black "Fedotov, Konstantin"]
[Result "1-0"]
[WhiteElo "2394"]
[BlackElo "2017"]
[Annotator "TA"]
[PlyCount "131"]
[EventDate "2018.07.18"]
[EventType "swiss"]
[EventCountry "CZE"]
[SourceTitle "playchess.com"]
[Source "ChessBase"]
[SourceQuality "1"]

{[%evp 22,131,87,33,83,91,77,87,98,87,95,83,198,122,239,231,216,217,262,234,308,288,264,225,359,286,281,171,202,164,215,168,275,256,235,170,235,240,225,235,244,191,208,183,179,189,170,129,185,52,52,-218,-219,-206,-182,-603,-596,-1006,0,0,0,0,287,43,69,0,0,0,0,0,0,0,523,512,494,480,638,628,613,589,710,710,702,691,1277,1243,1287,1429,1672,1593,4785,1927,4137,3544,1690,1471,4137,3388,4137,4137,2964,2446,29979,29980,29980,29981,29987,29988,29987,29988,29988,29988]} 1. c4 c6 2. d4 d5 3. Nc3 Nf6 4. e3 g6 5. Nf3 Bg7 6. Be2 O-O 7. O-O dxc4 8. Bxc4 Bg4 9. h3 Bxf3 10. Qxf3 Nbd7 11. Rd1 Qc7 12. Bb3 {LiveBook: 3 Games. D94: Grünfeld: 4 Nf3 Bg7 5 e3} (12. e4 $16) (12. e4 e5 13. d5 Nb6 14. Bb3 cxd5 15. exd5 Ne8 16. Ne4 Nc8 17. Bg5 Ncd6 18. Rac1 Qb6 19. Nc5 f6 {1-0 (41) Vasquez Schroder,R (2505)-Gines Esteo,P (2395) Utebo 2018}) 12... Rad8 13. e4 e5 {Threatening ...exd4.} 14. d5 $146 {White is better.} ({Predecessor:} 14. Be3 exd4 15. Bxd4 Rde8 16. Rac1 Qa5 17. Be3 b5 18. g4 Ne5 19. Qg2 Rd8 {0-1 (47) Kamowa,J-Solomon,K (2353) Lusaka 2005}) 14... Nc5 15. Bg5 Rd6 16. dxc6 Rxc6 (16... Nxb3 $16 17. axb3 bxc6) 17. Bd5 (17. Nd5 $18 Nxd5 18. Bxd5) 17... Rb6 (17... Ra6 $16 18. Rac1 Qb8) 18. Rac1 $18 Qb8 19. Be3 Nfd7 20. b3 Kh8 21. Qe2 f5 22. f3 a6 (22... f4 {was called for.}) 23. Nb1 Rc8 24. Nd2 Rf6 25. Nc4 b6 (25... fxe4 $142 26. fxe4 (26. Bxe4 Nxe4 27. Rxd7 Ng3 $16) 26... b5) 26. Rc2 h6 (26... fxe4 $142 27. b4 (27. fxe4 h6 $18) (27. Bxe4 Nxe4 28. Rxd7 Ng3 $16) 27... exf3 28. Bxf3 (28. gxf3 Na4 $16) 28... e4) 27. b4 Na4 28. Rdc1 Rff8 (28... f4 $142) 29. Be6 Rcd8 30. exf5 gxf5 31. Bf2 e4 32. fxe4 fxe4 33. Qxe4 b5 34. Na5 Ne5 {[#]} (34... Qe5 $16 35. Re1 Qxe4 36. Rxe4 Ne5) 35. Bb3 ({Weaker is} 35. Rc7 Rxf2 36. Rc8 (36. Kxf2 Qb6+ 37. Kg3 Qxe6 $11) 36... Qb6 $17) (35. Nc6 $1 $18 {[%cal Rc6b8]} Nxc6 36. Rxc6 (36. Qxc6 Nb2 $14)) 35... Nd3 $14 36. Rf1 $2 {[%mdl 8192]} (36. Nc6 $14 {stays ahead.} Nxf2 37. Rxf2) 36... Nc3 $19 37. Rxc3 Bxc3 38. Nc6 $2 (38. Bc2 Rf4 39. Qc6) 38... Nxf2 39. Qh4 {[%cal Rh4h6] [#]} Qf4 $2 (39... Nxh3+ $1 $19 40. Qxh3 (40. gxh3 Qb6+) 40... Qb6+ 41. Kh2 Qxc6 42. Rxf8+ Rxf8) 40. Qxf4 $11 Rxf4 41. Nxd8 Bxb4 $2 {[%mdl 8192]} (41... Bd4 $1 $11 {and Black has nothing to worry.} 42. Rb1 Nxh3+ 43. Kh2 Ng5) 42. Rc1 $2 ({Don't go for} 42. Rxf2 $2 Bc5 $19) ({Only move:} 42. Ne6 $18 Nxh3+ 43. gxh3 Rxf1+ 44. Kxf1) 42... Nd3 43. Rc8 (43. Rc6 $14) 43... Bc5+ 44. Kh2 {Black must now prevent Ne6+.} Rf8 45. h4 Bd6+ 46. g3 {Nf7+ is the strong threat.} Nf2 $2 {[%mdl 8192]} (46... Be7 $11 {and Black is okay.} 47. Nf7+ Kg7 48. Rxf8 Bxf8) 47. Nf7+ $18 Kg7 48. Nxd6 Ng4+ 49. Kh3 Nf2+ 50. Kg2 Nd3 51. Rxf8 Kxf8 52. Kf3 Ke7 53. Nf5+ Kf6 54. Nxh6 a5 55. Ng4+ Ke7 56. Ke3 Nc5 57. Kd4 Nd7 58. Ne5 Nf6 59. a4 bxa4 60. Bxa4 Nh5 61. g4 Ng3 62. Ke3 {White mates.} Ke6 63. Nf3 Nf1+ 64. Kf4 Kf6 65. Bb5 Kg6 66. Bxf1 {Precision: White = 40%, Black = 41%.} 1-0